000 00947nam a2200289 i 4500
001 000045654
003 DO-SdBNP
005 20260217072532.0
007 ta
008 110329s1978 dr a 000 f spa d
040 _aDO-SdBNP
_bspa
_cBNPHU
_erda
041 _aspa
082 4 _aRD863.44
_bV443d
_222
100 1 _aVeloz Maggiolo, Marcio,
_d1936-2021
_eautor
_4aut.
_91104
245 1 0 _aDe dónde vino la gente /
_cMarcio Veloz Maggiolo.
246 1 0 _aDe dónde vino la gente
_bnovela para niños
264 4 _aSanto Domingo :
_bEditora Alfa y Omega,
_c©1978.
300 _a109 páginas :
_bilustraciones ;
_c18 cm.
336 _atexto
_btxt
_2rdacontent
337 _asin mediación
_bn
_2rdamedia
338 _avolumen
_bnc
_2rdacarrier
590 _aInventariado, 2020/VM
650 4 _aNovela infantil dominicana
_933379
650 4 _aLiteratura infantil dominicana
_9441
910 _aValidado. Control de calidad MFF
942 _2ddc
_cLBS1
999 _c45143
_d45143